Poesías religiosas, caballerescas, amatorias y orientales / (Record no. 26160)

MARC details
000 -LEADER
campo de control de longitud fija 00494nam a2200169 i 4500
001 - NÚMERO DE CONTROL
campo de control 26160
003 - IDENTIFICADOR DE NÚMERO DE CONTROL
campo de control ES-MaACL
005 - FECHA Y HORA DE LA ÚLTIMA TRANSACCIÓN
campo de control 20230906153409.0
007 - CAMPO FIJO DE DESCRIPCIÓN FÍSICA--INFORMACIÓN GENERAL
campo de control de longitud fija t|
008 - DATOS DE LONGITUD FIJA--INFORMACIÓN GENERAL
campo de control de longitud fija 030108s1860 sp ||||1| spa d
080 ## - NÚMERO DE LA CLASIFICACIÓN DECIMAL UNIVERSAL
Número de la Clasificación Decimal Universal 821.134.2-14"18"
100 1# - ENTRADA PRINCIPAL--NOMBRE DE PERSONA
Nombre de persona Arolas, Juan (
Fechas asociadas al nombre 1805-1849)
9 (RLIN) 23150
245 10 - MENCIÓN DEL TÍTULO
Título Poesías religiosas, caballerescas, amatorias y orientales /
Mención de responsabilidad, etc. de Juan Arolas.
260 ## - PUBLICACIÓN, DISTRIBUCIÓN, ETC.
Lugar de publicación, distribución, etc. Valencia :
Nombre del editor, distribuidor, etc. Juan Mariana y Sanz,
Fecha de publicación, distribución, etc. 1860.
300 ## - DESCRIPCIÓN FÍSICA
Extensión 3 v. ;
Dimensiones 23 cm.
852 ## - LOCALIZACIÓN
Ubicación ES-MaACL
Número de control de estantería G-2620-2
Holdings
Estatus retirado Estado de pérdida Estado de daño No para préstamo Colección Biblioteca de origen Biblioteca actual Ubicación en estantería Fecha de adquisición Fuente de adquisición Total de préstamos Signatura topográfica completa Código de barras Visto por última vez Precio de reemplazo Tipo de ítem Koha
        Libros del s. XIX Biblioteca del Ateneo de Madrid Biblioteca del Ateneo de Madrid Depósito 2 17/01/2008     G-2620-2 1026997 23/02/2023 23/02/2023 Libro impreso antiguo